Statistics for Every High School Musical song

Click here to take the quiz!

General Stats

  • This quiz has been taken 602 times
  • The average score is 19 of 28

Answer Stats

Answer % Correct
Breaking Free
87%
Bet on it
87%
We're all in this together
87%
Start of something new
86%
Fabulous
84%
Gotta go my own way
82%
You are the music in me
82%
Everyday
80%
Bop to the top
78%
can I have this dance
73%
High school musical
72%
Get cha head in the game
72%
What time is it
69%
Scream
67%
The boys are back
66%
Stick to the status quo
65%
All for one
64%
I don't dance
62%
I want it all
58%
What I've been looking for
57%
A night to remember
56%
Right here right now
55%
When there was me and you
55%
Now or never
54%
Just wanna be with you
51%
Walk away
51%
Work it out
42%
Humuhumunukunukuapa
7%

Score Distribution

Percentile by Number Answered

Percent of People with Each Score

Your Score History

You have not taken this quiz